01621cam a2200229 a 450000100100000000500170001000800410002702000150006804000180008308200190010110000310012024501590015126000840031030000310039449000380042550007230046350400560118665000260124265000350126865100490130383000390135200000591620200929151835.0020610s2002 mx a b 001 0 spa  a9681210468 aDO-SdBNPcDLC a972.017bV433r1 aVelasco Ortíz, M. Laura.13aEl regreso de la comunidad :bmigración indígena y agentes étnicos, los mixtecos en la frontera México-Estados Unidos /cM. Laura Velasco Ortíz. aMéxico :bEl Colegio de México. Centro de Estudios Sociológicos ;,c2002. a283 p. :bil. p. ;c21 cm.1 aCentro de Estudios Sociológicos aLos nuevos agentes étnicos en la frontera México-Estados Unidos - 1. Las Organizaciones de Migrantes: Etnicas entre las Fronteras Nacionales y las Fronteres - 2. Migracion Mixteca y Fronteras Nacionales: Mercados de trabajo y políticas estatales de control migratorio - 3. Migracion Mixteca y Fronteras Nacionales: de las asociaciones pro pueblos a las Organizaciones y pan Etnicas transnacionales - 4. Redes y Organizaciones de Migrantes: la rearticulacion de la experiencia comunitaria - 5. Los Intelectuales Indígenas y la construccion de la ética politica comunidad transnacional - 6. PUBLICAS Voces, silencios privados: Por las fronteras del genero y la etnicidad - 7. El regreso de la comunidad etnica. aIncluye referencias bibliográficas: (p. 263-283). 4aMixtecasxMigraciòn 4aMixtecasxCondiciones sociales 4aEstados UnidosxEmigraciòn E Inmigraciòn 0aCentro de Estudios Sociológicos.